000 00857nas a2200277 4500
001 BR0401226
003 BR-BrBNA
005 20231205104419.0
007 ta
008 230509b bl.|||p| |||| 00| 00por d
040 _aBR-BrBNA
_bpor
_cBiblioteca Nacional de Agricultura
041 _a(Pt)
072 _aE16
100 1 _aViegas, F. de C.P.
100 1 _aCabrera, R.
100 1 _aTorres, A.
245 1 _aComo reconstruir a citricultura; duas atitudes devem ser tomadas pelos produtores para vencer a crise: aumentar a produtividade e se organizar
650 _aLARANJA
650 _aSUCO DE FRUTA
650 _aPRODUTIVIDADE
650 _aCUSTO
650 _aEXPORTAÇÃO
773 0 _tAgroanalysis (Brazil)
_xISSN 0100-4298
_g(Dec 2003), v. 23(9) p. 15-18
_wBR0401226
909 _a202311
_bLúcia
_c55
_dLúcia Elande
942 _2AGRIS
_n0
_cANA
999 _c178010
_d178010